header

Integrating WebSphere Commerce with SAP R/3 using WebSphere InterChange Server (Record no. 106630)

MARC details
000 -LEADER
fixed length control field 01668nam a2200385Ia 4500
245 00 - TITLE STATEMENT
Title Integrating WebSphere Commerce with SAP R/3 using WebSphere InterChange Server
250 ## - EDITION STATEMENT
Edition statement 1st ed.
260 ## - PUBLICATION, DISTRIBUTION, ETC. (IMPRINT)
Place of publication Poughkeepsie, NY :
Name of publisher IBM, International Technical Support Organization,
Year of publication c2003.
300 ## - PHYSICAL DESCRIPTION
Number of Pages xii, 216 p. :
Other physical details ill.
490 1# - SERIES STATEMENT
Series statement IBM redbooks
500 ## - GENERAL NOTE
General note "December 2003."
General note "This edition applies to Version 5.4 of WebSphere Commerce, Version 4.0.1 of WebSphere InterChange Server, and Version 4.6C of SAP R/3"--T.p. verso.
General note "SG24-6902-00."
650 #0 - SUBJECT ADDED ENTRY--TOPICAL TERM
Topical Term Electronic commerce
700 1# - ADDED ENTRY--PERSONAL NAME
Personal name Vilaghy, Tamas.
856 40 - ELECTRONIC LOCATION AND ACCESS
Uniform Resource Identifier http://site.ebrary.com/lib/rucke/Doc?id=10112827

No items available.

© 2026 Rongo University
Contact us: librarian | system librarian | Rongo university